01616cam a2200421Li 4500999001500000001000700015003000400022005001700026008004100043020003000084020002700114020003100141020002800172035002400200035001100224040004900235043001200284049000900296050002500305082001900330100005200349245010800401264008000509300006900589336002100658337002500679338002300704500013900727504006700866650003700933650004100970651003501011651003901046700002901085710004801114942001201162945002001174 c8183d8183864862OSt20190920124030.0150114s2014 ii bc b 001 0 eng d a9789351480389q(hardback) a9351480380q(hardback) a9789351480396q(paperback) a9351480399q(paperback) a(OCoLC)ocn900598587 a864862 aDKAGEbengerdacDKAGEdOCLCFdLNTdZCUdPTS aa-ii--- aPTSS 4aBV3280.B54bH67 201404a266223bK14C 1 aHoro, P. C.q(Prem Chand),d1915-2011,eauthor.10aChristian missions in Bihar and Jharkhand till 1947 :ba study by P.C. Horo /cedited by Jose Kalapura. 1aNew Delhi :bChristian World Imprints & Gossner Theological College,c2014. alix, 278 pages :bcolor portrait, map (black and white) ;c22 cm atext2rdacontent aunmediated2rdamedia avolume2rdacarrier aOriginally presented as the author's thesis (Ph. D.)--Patna University, 1976 under title: Christian missions and communities in Bihar. aIncludes bibliographical references (pages 257-273) and index. 0aMissionszIndiazBiharxHistory. 0aMissionszIndiazJharkhandxHistory. 0aBihar (India)xChurch history. 0aJharkhand (India)xChurch history.1 aKalapura, Jose,eeditor.2 aGossner Theological College,eissuing body. 2ddccBK aMARCIVE20181205